| 000 | 003440000a22001450004500 | ||
|---|---|---|---|
| 003 | MACL | ||
| 040 | _aMACL | ||
| 090 |
_c6500 _d6499 |
||
| 100 | _aSri Aurobindo | ||
| 245 |
_aThe Upanishads _bText, Translations and Commentaies Part 1 |
||
| 260 |
_bSri Aurobindo Ashram Trust _c1986 |
||
| 350 | _a40 | ||
| 650 | _aReligion | ||
| 942 |
_cBOOK _k294.59 |
||
| 999 |
_c6452 _d6452 |
||